000 01048nam a2200229Ia 4500
999 _c40189
_d40189
001 6796
003 GE_BSU
005 20200109105418.0
008 181216s1968||||g |||||||||||||| ||g ||
040 _cGE_BSU
041 _ageo
080 _a821.353.1-31 გ-59
100 _aგოგიჩაიშვილი, გივი.
_96030
245 _aპირველი დღეები ; გაზაფხულიდან გაზაფხულამდე :
_bორი რომანი /
_cგივი გოგიჩაიშვილი ; რედ. ლ. ნანაიტაშვილი.
264 _aთბილისი :
_bსაბჭ.საქართველო,
_c1968.
300 _a440 გვ. ;
_c20 სმ.
653 _aორი რომანი
653 _aპირველი დღეები
653 _aგაზაფხულიდან გაზაფხულამდე
700 _aნანაიტაშვილი, ლ.
_eრედაქტორი
_96031
942 _cBK
_2udc